Catálogo
 En Linea

Tabaco y sociedad : (Registro nro. 15282)

Detalles MARC
000 -CABECERA
campo de control de longitud fija 02013nam a2200349 i 4500
001 - NÚMERO DE CONTROL
campo de control 000015732
003 - IDENTIFICADOR DEL NÚMERO DE CONTROL
campo de control DO-SdBNP
005 - FECHA Y HORA DE LA ÚLTIMA TRANSACCIÓN
campo de control 20260407091419.0
007 - CAMPO FIJO DE DESCRIPCIÓN FÍSICA--INFORMACIÓN GENERAL
campo de control de longitud fija ta
008 - DATOS DE LONGITUD FIJA--INFORMACIÓN GENERAL
campo de control de longitud fija 100217s1976 dr a 001 0 spa d
040 ## - FUENTE DE LA CATALOGACIÓN
Centro catalogador/agencia de origen DO-SdBNP
Lengua de catalogación spa
Centro/agencia transcriptor BNPHU
Normas de descripción rda
041 ## - CÓDIGO DE LENGUA
Código de lengua del texto/banda sonora o título independiente spa
082 #4 - NÚMERO DE LA CLASIFICACIÓN DECIMAL DEWEY
Número de clasificación 338.17371
Número de documento/Ítem F372t
Número de edición 22
100 1# - ENTRADA PRINCIPAL--NOMBRE DE PERSONA
Nombre de persona Ferran, Fernando I.
Término indicativo de función/relación autor
9 (RLIN) 35398
Código de función/relación aut.
245 10 - MENCIÓN DE TÍTULO
Título Tabaco y sociedad :
Resto del título la organización del poder en el ecomercado del tabaco dominicano /
Mención de responsabilidad, etc. Fernando I. Ferran ; presentación, José Luis Alemán.
264 ## - PRODUCCIÓN, PUBLICACIÓN, DISTRIBUCIÓN, FABRICACIÓN Y COPYRIGHT
Producción, publicación, distribución, fabricación y copyright Santo Domingo :
Nombre del de productor, editor, distribuidor, fabricante Fondo para el Avance de las Ciencias Sociales ;
-- Centro de Investigación y acción Social ;
Fecha de producción, publicación, distribución, fabricación o copyright 1976.
300 ## - DESCRIPCIÓN FÍSICA
Extensión 209 páginas :
Otras características físicas ilustraciones ;
Dimensiones 21 cm.
336 ## - TIPO DE CONTENIDO
Término de tipo de contenido texto
Código de tipo de contenido txt
Fuente rdacontent
337 ## - TIPO DE MEDIO
Nombre/término del tipo de medio sin mediación
Código del tipo de medio n
Fuente rdamedia
338 ## - TIPO DE SOPORTE
Nombre/término del tipo de soporte volumen
Código del tipo de soporte nc
Fuente rdacarrier
500 ## - NOTA GENERAL
Nota general Esta obra es publicada dentro del programa de traducción y publicación de tesis doctorales sobre la República Dominicana del Fondo para el Avance de las Ciencias Sociales.
504 ## - NOTA DE BIBLIOGRAFÍA, ETC.
Nota de bibliografía, etc. Bibliografía: páginas 203-209.
505 ## - NOTA DE CONTENIDO CON FORMATO
Nota de contenido con formato Presentación, 13 -- Prefacio, 15 -- Introducción, 23 -- Capítulo I. Fundamentos de la industria tabacalera, 29 -- Capítulo II. Producción y exportación del tabaco dominicano, 57 -- Capítulo III. Nivel de articulación de la producción, 75 -- Capítulo IV. El nivel de articulación de los intermediarios, 113 -- Capítulo V. Nivel de articulación de la exportación, 131 -- Capítulo VI. La organización social del poder, 157 -- Capítulo VII. Consideraciones teóricas, 175 -- Apéndice, 197 --
590 ## - NOTA LOCAL (RLIN)
Nota local Inventariado,2018/DG
650 #4 - PUNTO DE ACCESO ADICIONAL DE MATERIA--TÉRMINO DE MATERIA
Término de materia o nombre geográfico como elemento de entrada Tabaco
Subdivisión general Aspectos económicos
Subdivisión geográfica República Dominicana
9 (RLIN) 35399
650 #4 - PUNTO DE ACCESO ADICIONAL DE MATERIA--TÉRMINO DE MATERIA
Término de materia o nombre geográfico como elemento de entrada Industria tabacalera
Subdivisión geográfica República Dominicana
9 (RLIN) 6627
650 #4 - PUNTO DE ACCESO ADICIONAL DE MATERIA--TÉRMINO DE MATERIA
Término de materia o nombre geográfico como elemento de entrada Exportaciones
Subdivisión geográfica República Dominicana
9 (RLIN) 19683
650 #4 - PUNTO DE ACCESO ADICIONAL DE MATERIA--TÉRMINO DE MATERIA
Término de materia o nombre geográfico como elemento de entrada Promoción de exportación
9 (RLIN) 19684
700 1# - PUNTO DE ACCESO ADICIONAL--NOMBRE DE PERSONA
Nombre de persona Alemán, José Luis,
Término indicativo de función/relación presentador
9 (RLIN) 7046
Código de función/relación pr.
910 ## - DATOS DE OPCIÓN DEL USUARIO (OCLC)
Datos de opción del usuario Validado. Control de calidad EMS
942 ## - ELEMENTOS DE PUNTO DE ACCESO ADICIONAL (KOHA)
Fuente del sistema de clasificación o colocación Dewey Decimal Classification
Tipo de ítem Koha Libro
Existencias
Estado de retiro Estado de pérdida Fuente del sistema de clasificación o colocación Restricciones de uso No para préstamo Código de colección Localización permanente Ubicación/localización actual Ubicación en estantería Fecha de adquisición Total de préstamos Signatura topográfica completa Código de barras Fecha visto por última vez Precio válido a partir de Tipo de ítem Koha Número de copia Fuente de adquisición Nota pública
    Dewey Decimal Classification Excluido de préstamo   Patrimonio Dominicano Biblioteca Nacional Pedro Henríquez Ureña Biblioteca Nacional Pedro Henríquez Ureña Depósito 17.02.2010   BNPHU PD 338.17371 F372t 15732-10 25.06.2020 25.06.2020 Libro      
    Dewey Decimal Classification Excluido de préstamo   Patrimonio Dominicano Biblioteca Nacional Pedro Henríquez Ureña Biblioteca Nacional Pedro Henríquez Ureña Depósito 17.02.2010   BNPHU PD 338.17371 F372t 15732-20 25.06.2020 25.06.2020 Libro e.2    
    Dewey Decimal Classification Préstamo en sala   Dominicana de Servicio Biblioteca Nacional Pedro Henríquez Ureña Biblioteca Nacional Pedro Henríquez Ureña Depósito 05.07.2013   BNPHU DS 338.17371 F372t 15732-30 25.06.2020 25.06.2020 Libro e.3    
    Dewey Decimal Classification Préstamo en sala   Dominicana de Servicio Biblioteca Nacional Pedro Henríquez Ureña Biblioteca Nacional Pedro Henríquez Ureña Depósito 01.04.2026   BNPHU DS 338.17371 F372t 2026-2486 01.04.2026 01.04.2026 Libro e.4 Donación Intec
    Dewey Decimal Classification Préstamo en sala   Dominicana de Servicio Biblioteca Nacional Pedro Henríquez Ureña Biblioteca Nacional Pedro Henríquez Ureña Depósito 01.04.2026   BNPHU DS 338.17371 F372t 2026-2487 01.04.2026 01.04.2026 Libro e.5 Donación Intec

Con tecnología Koha